000 01030nam0a22002771 4500
001 rc\4348915
005 20250612054821.0
021 _aRU
_b[63-59447]
035 _a(NLR Aleph) 008528471
090 _a8272832
_c8272832
100 _a20130416d1963 |||y0rusy50 ca
101 0 _arus
102 _aRU
105 _aa z |||||
200 1 _aАвтоматическое регулирование скорости подачи на многопильных круглопильных станках
210 _aМосква
_cГослесбумиздат
_d1963
215 _a144 с.
_cил.
_d21
320 _aБиблиогр.: с. 142
606 _aЛесопильные станки
_xАвтоматическое регулирование
_2psbo
700 1 _aГафанович
_bВ.С.
_gВиктор Семенович
701 1 _aЯкунин
_bН.К.
_gНиколай Константинович
801 0 _aRU
_bNLR
_gpsbo
801 1 _aRU
_bELAR
_2rusmarc
852 _aNLR
_j63-5/3969
942 _cBOOK
980 _aNB